000 00293nam a22001337a 4500
008 180806b xxu||||| |||| 00| 0 eng d
082 _a813.52
245 _aLearning logic 4.0
_cHURLEY.P.J
260 _c2006
300 _a1
_fCD
440 _x049500023X
760 _b9 th
942 _2ddc
_cMX
999 _c46806
_d46806